000 00527nam a2200181Ia 4500
008 090124s9999 xx 000 0 und d
082 _b29142
_a1802
100 _aप्रभावळकर दिलीप
245 _a नवी गुगली
250 _a1
260 _c1997
300 _a144
600 _aप्रभावळकर दिलीप
630 _a नवी गुगली
700 _aप्रभावळकर दिलीप
730 _a नवी गुगली
942 _cBOOK
999 _c142596
_d142596